| 000 | 00574nam a2200193 a 4500 | ||
|---|---|---|---|
| 005 | 20210223122518.0 | ||
| 008 | 991125s1953 cu 000 0 spa u | ||
| 035 | _aUPN01000036911 | ||
| 049 | _aF | ||
| 050 | 4 |
_aPQ7389 M2 _bI4.4 |
|
| 100 | 1 | _aIchaso, Francisco | |
| 245 | 1 | 0 |
_aMartí y el teatro / _cFrancisco Ichaso. |
| 260 |
_aLa Habana : _bUNESCO, _c1953. |
||
| 300 | _a31 p. | ||
| 440 | 0 |
_aCuadernos de divulgación cultural de la Comisión Nacional Cubana de la UNESCO ; _v6 |
|
| 600 | 1 | 4 |
_aMARTI, JOSE, _d1853-1895 |
| 650 | 4 |
_aTEATRO CUBANO _925914 |
|
| 905 | _aLibro | ||
| 999 |
_c36911 _d36911 |
||